| 000 | 00482nam a2200133 4500 | ||
|---|---|---|---|
| 999 |
_c38472 _d38472 |
||
| 082 | _aRP.0367 | ||
| 100 |
_aPoornima, M. Nithya _uSampurna Montfort College _vBangalore |
||
| 245 |
_aMental Health of Mental Health Professionals _c/ M. Nithya Poornima |
||
| 260 |
_aBangalore: _bSampurna Montfort College, _c2015 |
||
| 300 | _aX, 189p. | ||
| 536 | _aIndian Council of Social Science Research (ICSSR) | ||
| 650 |
_aMental Health _vPsychology _vNeurology _xMedical Science |
||
| 942 |
_2ddc _cRP |
||